| 000 | 00874cam a2200253 a 4500 | ||
|---|---|---|---|
| 999 |
_c13597 _d13597 |
||
| 001 | 13067596 | ||
| 005 | 20190308020047.0 | ||
| 008 | 030124s2004 njua 001 0 eng | ||
| 010 | _a 2003043343 | ||
| 020 | _a0131014161 | ||
| 040 |
_aDLC _cDLC _dDLC |
||
| 050 | 0 | 0 |
_aQC23.2 _b.W35 2004 |
| 100 | 1 |
_aWalker, James S., _d1950- |
|
| 245 | 1 | 0 |
_aPhysics / _cJames S. Walker |
| 250 | _a2nd ed. | ||
| 260 |
_aUpper Saddle River, NJ : _bPearson/Prentice Hall, _cc2004. |
||
| 300 |
_a1 v. (various pagings) : _bill. (chiefly col.) ; _c28 cm. |
||
| 500 | _aIncludes index. | ||
| 650 | 0 | _aPhysics. | |
| 942 |
_2lcc _cBOOKS _hQC 23.2 .W35 2004 _04 |
||